Crystal Palace players (2010-2020) - Statistics

General Stats
  • This quiz has been taken 8 times
  • The average score is 38 of 126
Answer Stats
Rank Player Positions Nationality Matches Goals (assists) Period % Correct
2 Joel Ward RB 221 4 (6) 2012-2020
100%
32 Jordan Ayew RW 57 10 (4) 2018-2020
100%
1 Wilfried Zaha LW 326 49 (40) 2010-2013, 2014-2020
100%
10 Yannick Bolasie LW 133 12 (21) 2012-2017
100%
93 Alex McCarthy GK 7 0 (0) 2015-2016
88%
9 Andros Townsend RW 134 12 (16) 2016-2020
88%
15 Christian Benteke ST 107 21 (10) 2016-2020
88%
51 James McCarthy CM 33 0 (0) 2019-2020
88%
18 James Tomkins CB 99 8 (2) 2016-2020
88%
123 Jonathan Benteke ST 1 0 (0) 2016-2017
88%
26 Nathaniel Clyne RB 74 0 (4) 2010-2012
88%
22 Patrick McCarthy CB 87 3 (1) 2010-2012, 2013-2014
88%
17 Patrick van Aanholt LB 104 13 (5) 2016-2020
88%
19 Yohan Cabaye CM 96 9 (5) 2015-2018
88%
44 Aaron Wan-Bissaka RB 42 0 (3) 2017-2019
75%
61 Gary Cahill CB 25 0 (1) 2019-2020
75%
55 Jaïro Riedewald DM 29 0 (0) 2017-2018, 2019-2020
75%
23 Jeffrey Schlupp LM 86 7 (5) 2016-2020
75%
3 Julián Speroni GK 220 0 (0) 2010-2016, 2017-2019
75%
12 Luka Milivojevic DM 119 27 (4) 2016-2020
75%
11 Martin Kelly RB 120 0 (4) 2014-2020
75%
42 Max Meyer AM 46 1 (2) 2018-2020
75%
6 Mile Jedinak DM 162 10 (7) 2011-2017
75%
8 Scott Dann CB 149 12 (7) 2013-2020
75%
38 Vicente Guaita GK 55 0 (0) 2018-2020
75%
28 Cheikhou Kouyaté DM 66 1 (4) 2018-2020
63%
13 Glenn Murray ST 113 44 (15) 2011-2016
63%
4 James McArthur CM 197 17 (16) 2014-2020
63%
7 Jason Puncheon CM 153 15 (18) 2013-2019
63%
27 Mamadou Sakho CB 68 1 (2) 2016-2020
63%
14 Wayne Hennessey GK 110 0 (0) 2013-2020
63%
45 Connor Wickham ST 41 8 (5) 2015-2017, 2018-2020
50%
5 Damien Delaney CB 170 6 (9) 2012-2018
50%
37 Jonny Williams AM 55 0 (3) 2011-2016
50%
31 Marouane Chamakh ST 60 7 (2) 2013-2016
50%
88 Steve Mandanda GK 9 0 (0) 2016-2017
50%
60 Aaron Wilbraham ST 25 0 (2) 2012-2014
38%
46 Adrian Mariappa CB 39 1 (1) 2013-2016
38%
72 Alexander Sørloth ST 16 0 (0) 2017-2019
38%
41 Bakary Sako LW 47 5 (1) 2015-2019
38%
50 Danny Gabbidon CB 33 2 (1) 2012-2014
38%
21 Dean Moxey LB 90 1 (9) 2010-2014
38%
30 Dwight Gayle ST 64 15 (1) 2013-2016
38%
24 Joe Ledley CM 83 6 (1) 2013-2017
38%
20 Jonathan Parr LB 92 2 (6) 2011-2014
38%
40 Pape Souaré LB 48 0 (1) 2014-2019
38%
109 Tyrick Mitchell LB 4 0 (0) 2019-2020
38%
110 Alan Lee ST 3 1 (1) 2010-2011
25%
64 Barry Bannan CM 22 1 (1) 2013-2015
25%
66 Brede Hangeland CB 21 2 (1) 2014-2016
25%
56 Cameron Jerome ST 28 2 (1) 2013-2014
25%
103 Cenk Tosun ST 5 1 (0) 2019-2020
25%
47 Chung-yong Lee RW 38 1 (1) 2014-2018
25%
78 Emmanuel Adebayor ST 12 1 (1) 2015-2016
25%
70 Kevin Phillips ST 18 6 (0) 2012-2014
25%
104 Loïc Rémy ST 5 0 (0) 2016-2017
25%
81 Michy Batshuayi ST 11 5 (0) 2018-2019
25%
25 Owen Garvan CM 77 10 (9) 2010-2014
25%
35 Sean Scannell RW 56 6 (4) 2010-2012
25%
73 Stephen Dobbie ST 16 3 (2) 2012-2014
25%
49 Stuart O'Keefe CM 36 1 (0) 2010-2015
25%
67 Timothy Fosu-Mensah RB 21 0 (0) 2017-2018
25%
126 Víctor Camarasa CM 1 0 (0) 2019-2020
25%
106 Aaron Martin CB 4 0 (0) 2012-2013
13%
74 Adlène Guédioura DM 15 0 (0) 2013-2015
13%
57 André Moritz AM 27 5 (3) 2012-2013
13%
34 Anthony Gardner CB 56 1 (0) 2010-2012
13%
59 Chris Martin ST 26 7 (1) 2011-2012
13%
29 Darren Ambrose RM 64 14 (9) 2010-2012
13%
96 Edgar Davids CM 6 0 (0) 2010-2011
13%
43 Fraizer Campbell ST 43 5 (0) 2014-2017
13%
36 Jermaine Easter ST 55 7 (4) 2010-2013
13%
83 Jerome Thomas LW 10 0 (0) 2013-2015
13%
97 Jimmy Kébé RW 6 0 (0) 2013-2014
13%
52 Jordon Mutch CM 31 0 (0) 2014-2017
13%
98 José Campaña CM 6 0 (2) 2013-2014
13%
16 Kagisho Dikgacoi CM 105 7 (4) 2010-2014
13%
112 Kevin Doyle ST 3 0 (0) 2014-2015
13%
99 Kwesi Appiah ST 6 0 (0) 2011-2013
13%
48 Neil Danns CM 37 8 (4) 2010-2011
13%
33 Peter Ramage CB 57 4 (2) 2011-2013
13%
63 Ruben Loftus-Cheek CM 24 2 (3) 2017-2018
13%
108 Shola Ameobi ST 4 0 (0) 2014-2015
13%
113 Sullay Kaikai LW 3 0 (0) 2015-2018
13%
89 Zeki Fryers LB 9 0 (1) 2014-2015, 2016-2017
13%
92 Adam Barrett CB 7 0 (0) 2010-2011
0%
77 Alassane N'Diaye DM 12 0 (0) 2010-2011
0%
86 Aleksandar Tunchev CB 9 0 (0) 2011-2012
0%
58 Alex Marrow CM 26 0 (2) 2010-2013
0%
114 Alex Nimely ST 2 0 (0) 2012-2013
0%
118 Andrew Davies CB 1 0 (0) 2011-2012
0%
65 Andy Dorman DM 21 1 (1) 2010-2012
0%
107 Antonio Pedroza ST 4 0 (0) 2011-2012
0%
115 Brandon Pierrick LW 2 0 (0) 2019-2020
0%
69 Calvin Andrew ST 19 0 (0) 2010-2012
0%
62 Claude Davis CB 24 0 (1) 2010-2011
0%
82 Darcy Blake RB 10 0 (0) 2012-2013
0%
119 David Goodwillie ST 1 0 (0) 2012-2013
0%
39 David Wright DM 51 0 (0) 2010-2013
0%
111 Dekel Keinan CB 3 0 (0) 2011-2012
0%
120 Freddie Ladapo ST 1 0 (0) 2017-2018
0%
121 Hiram Boateng CM 1 0 (0) 2015-2016
0%
116 Ibra Sekajja ST 2 1 (0) 2010-2012
0%
87 Jacob Butterfield CM 9 0 (0) 2012-2013
0%
53 James Vaughan ST 30 9 (3) 2010-2011
0%
80 Jazz Richards RB 11 0 (2) 2012-2013
0%
122 John Egan CB 1 0 (0) 2011-2012
0%
94 Jonathan Obika ST 7 0 (0) 2010-2011
0%
76 Julian Bennett LB 13 1 (0) 2010-2011
0%
90 Kemy Agustien CM 8 0 (1) 2010-2011
0%
75 Kieran Djilali LM 14 0 (0) 2010-2011
0%
71 Kieron Cadogan RM 17 1 (2) 2010-2012
0%
95 Kyle De Silva LM 7 0 (0) 2011-2013
0%
124 Levi Lumeka LW 1 0 (0) 2017-2018
0%
100 Lewis Price GK 6 0 (0) 2010-2012
0%
125 Luke Dreher CM 1 0 (0) 2018-2019
0%
84 Mathieu Flamini DM 10 0 (0) 2016-2017
0%
101 Matt Parsons LB 6 0 (0) 2010-2012
0%
117 Mustapha Dumbuya RB 2 0 (0) 2011-2012
0%
54 Pablo Couñago ST 30 2 (2) 2010-2011
0%
102 Patrick Bamford ST 6 0 (0) 2015-2016
0%
79 Paul McShane CB 12 0 (0) 2011-2012
0%
105 Ryan McGivern CB 5 0 (1) 2011-2012
0%
68 Steffen Iversen CF 20 2 (2) 2010-2012
0%
91 Tom Ince RW 8 1 (1) 2013-2014
0%
85 Yaya Sanogo ST 10 0 (0) 2014-2015
0%
No matching quizzes found
Score Distribution
Percent of People with Each Score
Percentile by Number Answered
Your Score History
You have not taken this quiz